00674cam a2200217 45000010008000000030004000080050017000120080041000290350023000700350017000930400023001100820020001331000026001532450063001792600051002423000036002934900027003296000037003566500036003938300027004292533881OSt20180116183010.0741230s1973 nyu 000 0 eng d a(OCoLC)ocm01124500 a(NNC)2533881 aZPMcZPMdUIUdZCU a813.54 RIT 19671 aRitter, E. A.,d1890-10aShaka Zulu;bthe rise of the Zulu Empire,cby E.A. Ritter. aNew York,bNew American Libraryc[1973, c1955] axx, 407p.billus., maps.c18cm.1 aA Mentor book,vMJ123100aShaka,cZulu chief,d1787?-1828. 0aZulu (African people)xHistory. 0aMentor book ;vMJ1231.